[Event "Wch U20 Girls Blitz"]
[Site "Lima"]
[Date "2025.09.28"]
[Round "13"]
[White "Tarasenka, Aliaksandra"]
[Black "Omonova, Umida"]
[Result "1-0"]
[WhiteElo "2266"]
[BlackElo "2252"]
[PlyCount "137"]
[EventDate "2025.09.27"]
[EventType "swiss (blitz)"]
[EventRounds "13"]
[EventCountry "PER"]
[SourceTitle "CB40_2025"]
[SourceDate "2025.10.01"]
[SourceVersion "1"]
[SourceVersionDate "2025.10.01"]
[SourceQuality "1"]

1. d4 Nf6 2. Nc3 e6 3. e4 d6 4. Nf3 b6 5. Bd3 Bb7 6. 0-0 a6 7. a4 Nbd7 8. Qe2 e5 9. Bc4 h6 10. Rd1 Qe7 11. dxe5 dxe5 12. Nd5 Nxd5 13. Bxd5 c6 14. Bc4 g6 15. Be3 Bg7 16. Qd2 b5 17. axb5 axb5 18. Rxa8+ Bxa8 19. Bb3 b4 20. h3 Bb7 21. Qd3 Bc8 22. Qd2 0-0 23. Bxh6 Nf6 24. Bg5 Qc5 25. Qd3 Re8 26. Re1 Qb6 27. Qd6 Be6 28. Bxe6 Rxe6 29. Qd3 c5 30. Nd2 Rd6 31. Qe2 Qc6 32. Nc4 Rd4 33. Nxe5 Qxe4 34. Bxf6 Qxe2 35. Rxe2 Bxf6 36. b3 Rd5 37. Nd3 Bd4 38. Re8+ Kg7 39. Rc8 Rf5 40. Kf1 g5 41. Ke2 Kg6 42. Rc6+ f6 43. g4 Rd5 44. Kf3 Kf7 45. Ke4 Rd8 46. Nxc5 Bxf2 47. Nd3 Bg1 48. Rc4 Re8+ 49. Kf3 Rh8 50. Kg2 Be3 51. Rxb4 Rc8 52. Rb7+ Kg6 53. Nb4 Rc3 54. Rb5 Bc5 55. Kh2 Bd6+ 56. Kg2 Rg3+ 57. Kf2 Rxh3 58. c4 Rxb3 59. Nd5 Rd3 60. Nb6 Bg3+ 61. Ke2 Rd8 62. c5 Bc7 63. Nc4 Rd4 64. Ne3 Re4 65. Kf3 Rf4+ 66. Ke2 Rd4 67. Rb7 Be5 68. c6 Rd6 69. Nf5 1-0

[Event "Wch U20 Girls Blitz"]
[Site "Lima"]
[Date "2025.09.27"]
[Round "7"]
[White "Kairbekova, Amina"]
[Black "Tarasenka, Aliaksandra"]
[Result "0-1"]
[WhiteElo "2299"]
[BlackElo "2266"]
[PlyCount "74"]
[EventDate "2025.09.27"]
[EventType "swiss (blitz)"]
[EventRounds "13"]
[EventCountry "PER"]
[SourceTitle "CB40_2025"]
[SourceDate "2025.10.01"]
[SourceVersion "1"]
[SourceVersionDate "2025.10.01"]
[SourceQuality "1"]

1. e4 c5 2. Nf3 e6 3. d4 cxd4 4. Nxd4 Nf6 5. Nc3 Nc6 6. Be2 Bb4 7. 0-0 Bxc3 8. bxc3 Nxe4 9. Nxc6 dxc6 10. Qxd8+ Kxd8 11. Bd3 Nf6 12. Rd1 Bd7 13. Bf4 Nd5 14. Bg3 Nxc3 15. Rd2 f6 16. Bd6 Ke8 17. a4 Kf7 18. a5 b5 19. a6 e5 20. Bc5 Be6 21. Bb4 Nd5 22. Bc5 Rhd8 23. Rad1 f5 24. c4 Nc3 25. Bxf5 Nxd1 26. Bxe6+ Kxe6 27. Rc2 Nc3 28. f4 Rd1+ 29. Kf2 Ne4+ 30. Ke2 Ra1 31. Be3 Rxa6 32. cxb5 cxb5 33. fxe5 Ra2 34. Rxa2 Nc3+ 35. Kd3 Nxa2 36. Kd4 a5 37. Kc5 b4 0-1

[Event "Wch U20 Girls Blitz"]
[Site "Lima"]
[Date "2025.09.27"]
[Round "4"]
[White "Tarasenka, Aliaksandra"]
[Black "Donate Moreno, Silvia"]
[Result "0-1"]
[WhiteElo "2266"]
[BlackElo "2084"]
[PlyCount "118"]
[EventDate "2025.09.27"]
[EventType "swiss (blitz)"]
[EventRounds "13"]
[EventCountry "PER"]
[SourceTitle "CB40_2025"]
[SourceDate "2025.10.01"]
[SourceVersion "1"]
[SourceVersionDate "2025.10.01"]
[SourceQuality "1"]

1. d4 Nf6 2. Nc3 d5 3. Bf4 a6 4. e3 e6 5. g4 c5 6. g5 Nfd7 7. Nf3 Nc6 8. h4 b5 9. h5 h6 10. g6 f5 11. Qd2 cxd4 12. exd4 b4 13. Ne2 Nf6 14. Ng3 Bd7 15. Bh3 Rc8 16. 0-0 Ne4 17. Qe3 Na5 18. Ne5 Nc4 19. Nxc4 Rxc4 20. f3 Nxg3 21. Bxg3 Be7 22. c3 Bg5 23. f4 Bf6 24. Bxf5 Qb6 25. Bf2 0-0 26. Bd3 Rcc8 27. Rac1 bxc3 28. bxc3 Be7 29. Rfe1 Bd6 30. Bg3 Qb8 31. Rf1 Rf6 32. Rf2 Rcf8 33. Rcf1 Rc8 34. Bxa6 Rc7 35. a4 Qb3 36. Rf3 Qxa4 37. Be2 Qa7 38. Bh4 Rf8 39. R3f2 Rcc8 40. Bg4 Rce8 41. Bg3 Qc7 42. Rf3 Rf6 43. Bh4 Rff8 44. Qf2 Rc8 45. Re1 Rce8 46. Bg3 Rf6 47. Rfe3 Qc8 48. Rf3 Qc7 49. Qe3 Ref8 50. Ref1 Rc8 51. Bh4 Rcf8 52. Bxf6 Rxf6 53. f5 e5 54. dxe5 Bc5 55. exf6 gxf6 56. Rd1 Ba4 57. Rd4 Qb7 58. Qe6+ Kg7 59. Qxd5 Qxd5 0-1

[Event "Wch U20 Girls Rapid"]
[Site "Lima"]
[Date "2025.09.25"]
[Round "7"]
[White "Tarasenka, Aliaksandra"]
[Black "Contreras Huaman, Fiorella Daiana"]
[Result "1-0"]
[WhiteElo "2126"]
[BlackElo "2152"]
[PlyCount "73"]
[EventDate "2025.09.23"]
[EventType "swiss (rapid)"]
[EventRounds "9"]
[EventCountry "PER"]
[SourceTitle "CB40_2025"]
[SourceDate "2025.10.01"]
[SourceVersion "1"]
[SourceVersionDate "2025.10.01"]
[SourceQuality "1"]

1. e4 c6 2. Nf3 d5 3. Nc3 Bg4 4. h3 Bxf3 5. Qxf3 e6 6. Be2 Bc5 7. 0-0 Nd7 8. exd5 exd5 9. Re1 Ne7 10. Na4 Bd6 11. d4 0-0 12. Bd3 Qc7 13. Bg5 Rae8 14. h4 b5 15. Nc3 f6 16. Bd2 f5 17. Bg5 Nb6 18. Qh5 Qd7 19. Ne2 g6 20. Qf3 Kg7 21. Nf4 Ng8 22. Qg3 Kf7 23. h5 Rxe1+ 24. Rxe1 Re8 25. Rf1 Nc4 26. Qh4 Kg7 27. Rb1 Be7 28. hxg6 hxg6 29. Qg3 Bd6 30. Bh6+ Nxh6 31. Qxg6+ Kf8 32. Qxh6+ Qg7 33. Ne6+ Rxe6 34. Qxe6 Qh8 35. Qc8+ Kg7 36. Qxh8+ Kxh8 37. Bxf5 1-0

[Event "Wch U20 Girls Rapid"]
[Site "Lima"]
[Date "2025.09.25"]
[Round "8"]
[White "Tarasenka, Aliaksandra"]
[Black "Khamdamova, Afruza"]
[Result "1/2-1/2"]
[WhiteElo "2126"]
[BlackElo "2384"]
[PlyCount "104"]
[EventDate "2025.09.23"]
[EventType "swiss (rapid)"]
[EventRounds "9"]
[EventCountry "PER"]
[SourceTitle "CB40_2025"]
[SourceDate "2025.10.01"]
[SourceVersion "1"]
[SourceVersionDate "2025.10.01"]
[SourceQuality "1"]

1. e4 e5 2. Bc4 Nf6 3. Nc3 Nxe4 4. Qh5 Nd6 5. Qxe5+ Qe7 6. Qxe7+ Bxe7 7. Be2 Nf5 8. Nf3 Nc6 9. Nd5 Bd8 10. c3 Nce7 11. Nf4 d5 12. d4 c6 13. Ne5 Bc7 14. Nfd3 f6 15. Nf3 Ng6 16. h4 h5 17. g3 Nd6 18. Nf4 Nxf4 19. Bxf4 Bg4 20. Nd2 Bxe2 21. Kxe2 Kd7 22. Bxd6 Bxd6 23. Kd3 Rae8 24. c4 dxc4+ 25. Nxc4 Bc7 26. Rae1 Re6 27. Rxe6 Kxe6 28. Ne3 Rd8 29. Rd1 Kf7 30. Ke4 Bb6 31. Nc4 Rd5 32. Rd3 Ke6 33. Nxb6 axb6 34. Rb3 b5 35. Ra3 Rd8 36. Ra7 Rb8 37. f3 g5 38. d5+ cxd5+ 39. Kd4 Kd6 40. Ra5 gxh4 41. gxh4 Rc8 42. b3 Rc2 43. Rxb5 Rd2+ 44. Ke3 Rxa2 45. Rxb7 Rh2 46. Rb4 Ke5 47. Rf4 Rb2 48. Rb4 Rh2 49. Ra4 Rb2 50. Rb4 Rh2 51. Ra4 Rb2 52. Rb4 Rh2 1/2-1/2

[Event "Wch U20 Girls Rapid"]
[Site "Lima"]
[Date "2025.09.23"]
[Round "2"]
[White "Khalilova, Madinabonu"]
[Black "Tarasenka, Aliaksandra"]
[Result "0-1"]
[WhiteElo "1885"]
[BlackElo "2126"]
[PlyCount "86"]
[EventDate "2025.09.23"]
[EventType "swiss (rapid)"]
[EventRounds "9"]
[EventCountry "PER"]
[SourceTitle "CB40_2025"]
[SourceDate "2025.10.01"]
[SourceVersion "1"]
[SourceVersionDate "2025.10.01"]
[SourceQuality "1"]

1. d4 d5 2. c4 dxc4 3. e3 e5 4. Bxc4 Nc6 5. d5 Na5 6. Be2 c6 7. dxc6 Qxd1+ 8. Bxd1 Nxc6 9. Nc3 Nf6 10. Nf3 Bf5 11. 0-0 Bd6 12. b3 a6 13. Bb2 Ke7 14. Be2 Rhd8 15. Rfd1 b5 16. Rac1 Rac8 17. h3 h5 18. Rd2 e4 19. Nd4 Nxd4 20. Rxd4 Be5 21. Rxd8 Rxd8 22. Rd1 Rxd1+ 23. Nxd1 Bxb2 24. Nxb2 h4 25. a4 Bd7 26. axb5 axb5 27. Kf1 Kd6 28. Nd1 Kc5 29. Ke1 Kb4 30. Kd2 Kxb3 31. Nc3 b4 32. Bd1+ Ka3 33. Ne2 b3 34. Kc1 Bb5 35. Nc3 Bd3 36. Kd2 Nd7 37. f3 f5 38. fxe4 fxe4 39. Be2 Nc5 40. Bxd3 exd3 41. Kc1 b2+ 42. Kb1 Kb3 43. Nd1 Na4 0-1

[Event "Budapest One Week IM-C 08"]
[Site "Budapest"]
[Date "2025.08.13"]
[Round "4"]
[White "Kustar, Sandor"]
[Black "Tarasenka, Aliaksandra"]
[Result "1-0"]
[WhiteElo "2209"]
[BlackElo "2129"]
[PlyCount "49"]
[EventDate "2025.08.11"]
[EventType "tourn"]
[EventRounds "9"]
[EventCountry "HUN"]
[SourceTitle "CB34_2025"]
[SourceDate "2025.08.20"]
[SourceVersion "1"]
[SourceVersionDate "2025.08.20"]
[SourceQuality "1"]

1. c4 e5 2. d3 Nf6 3. Nf3 Nc6 4. a3 d5 5. cxd5 Nxd5 6. Qc2 g6 7. b4 Bg7 8. Bb2 0-0 9. e3 a6 10. Be2 h6 11. Nbd2 f5 12. 0-0 Qe7 13. Rac1 Be6 14. Nb3 Bf7 15. Nc5 Nd8 16. d4 e4 17. Ne5 Be8 18. f3 Kh7 19. Qb3 Nf6 20. fxe4 fxe4 21. Qc2 Nc6 22. Nxb7 Nxe5 23. dxe5 Nd5 24. Rxf8 Bxf8 25. Qxe4 1-0

[Event "Budapest One Week IM-C 08"]
[Site "Budapest"]
[Date "2025.08.11"]
[Round "1"]
[White "Juhasz, Barbara"]
[Black "Tarasenka, Aliaksandra"]
[Result "0-1"]
[WhiteElo "2167"]
[BlackElo "2129"]
[PlyCount "140"]
[EventDate "2025.08.11"]
[EventType "tourn"]
[EventRounds "9"]
[EventCountry "HUN"]
[SourceTitle "CB34_2025"]
[SourceDate "2025.08.20"]
[SourceVersion "1"]
[SourceVersionDate "2025.08.20"]
[SourceQuality "1"]

1. e4 e5 2. Nf3 Nc6 3. Nc3 Nf6 4. h3 d5 5. exd5 Nxd5 6. Bb5 Nxc3 7. bxc3 Bd6 8. 0-0 0-0 9. d4 Qf6 10. Re1 exd4 11. cxd4 Bf5 12. c3 h6 13. Be3 Rfd8 14. Bd3 a6 15. a4 Na5 16. Rb1 c5 17. d5 Bxd3 18. Qxd3 c4 19. Qe4 Re8 20. Qg4 Qg6 21. Qxg6 fxg6 22. Bb6 Nb3 23. Re6 Rxe6 24. dxe6 Re8 25. Re1 Bc5 26. a5 Bxb6 27. axb6 a5 28. Re4 a4 29. Rxc4 a3 30. Ra4 Rxe6 31. Rxa3 Rxb6 32. Ne5 Nd2 33. Ra8+ Kh7 34. g3 Ne4 35. Nd7 Rb1+ 36. Kg2 g5 37. Re8 Nxc3 38. Nc5 b5 39. Re7 b4 40. Rb7 Kg6 41. g4 Nd5 42. Kf3 Rc1 43. Nd3 Rh1 44. Ke4 Nf6+ 45. Kd4 Rxh3 46. Ne5+ Kh7 47. Rxb4 Rh2 48. Rb2 Rg2 49. Ke3 Rg1 50. Kf3 Re1 51. Nc4 Nxg4 52. Nd6 Ne5+ 53. Kg2 Nd3 54. Rd2 Nf4+ 55. Kf3 Kg6 56. Ne4 Ne6 57. Ng3 h5 58. Ne2 Kf6 59. Ra2 g4+ 60. Kg3 g5 61. f3 gxf3 62. Kxf3 Rb1 63. Ng3 Rb3+ 64. Kf2 h4 65. Ne4+ Kf5 66. Nd6+ Kg4 67. Nc4 Kf4 68. Ra6 Rb4 69. Nd2 Nd4 70. Rf6+ Nf5 0-1

[Event "Budapest FS08 IM"]
[Site "Budapest"]
[Date "2025.08.08"]
[Round "8"]
[White "You, Qingyi"]
[Black "Tarasenka, Aliaksandra"]
[Result "1/2-1/2"]
[WhiteElo "2209"]
[BlackElo "2129"]
[PlyCount "71"]
[EventDate "2025.08.02"]
[EventType "tourn"]
[EventRounds "9"]
[EventCountry "HUN"]
[SourceTitle "CB33_2025"]
[SourceDate "2025.08.13"]
[SourceVersion "1"]
[SourceVersionDate "2025.08.13"]
[SourceQuality "1"]

1. e4 e5 2. Nf3 Nc6 3. Nc3 Nf6 4. d4 exd4 5. Nxd4 Bb4 6. Nxc6 bxc6 7. Bd3 d5 8. exd5 cxd5 9. 0-0 0-0 10. Bg5 c6 11. Qf3 Bd6 12. Bxf6 Qxf6 13. Qxf6 gxf6 14. Ne2 Be6 15. Nd4 c5 16. Nxe6 fxe6 17. c4 d4 18. f4 f5 19. g3 Rab8 20. b3 Kf7 21. Kf2 Kf6 22. Kf3 a5 23. Ke2 Rb4 24. Bc2 Rfb8 25. Rf3 R4b7 26. a4 Rg7 27. Kf2 Re8 28. Re1 Ree7 29. Kg2 h5 30. h4 Rg4 31. Kh3 Rg8 32. Re2 Rb8 33. Re1 Rg8 34. Re2 Rb8 35. Re1 Rg8 36. Re2 1/2-1/2

[Event "Budapest FS08 IM"]
[Site "Budapest"]
[Date "2025.08.07"]
[Round "6"]
[White "Lu, Ming"]
[Black "Tarasenka, Aliaksandra"]
[Result "0-1"]
[WhiteElo "2202"]
[BlackElo "2129"]
[PlyCount "108"]
[EventDate "2025.08.02"]
[EventType "tourn"]
[EventRounds "9"]
[EventCountry "HUN"]
[SourceTitle "CB33_2025"]
[SourceDate "2025.08.13"]
[SourceVersion "1"]
[SourceVersionDate "2025.08.13"]
[SourceQuality "1"]

1. e4 e5 2. Nc3 Nf6 3. d4 exd4 4. Qxd4 Nc6 5. Qd3 Bc5 6. Bf4 d6 7. Qd2 h6 8. 0-0-0 Be6 9. Kb1 Qd7 10. h3 0-0-0 11. Bb5 a6 12. Ba4 d5 13. Qe2 Bb4 14. Be5 Bxc3 15. Bxc3 Nxe4 16. Bxg7 Rhg8 17. Bxh6 Rxg2 18. Be3 Qd6 19. Qf1 Rgg8 20. Ne2 Ne5 21. Bb3 Nf3 22. Bf4 Qb6 23. Rd3 Nh4 24. f3 Nc5 25. Be3 Nf5 26. Bxc5 Qxc5 27. h4 Qe7 28. Qf2 c5 29. Nf4 c4 30. Qa7 cxd3 31. cxd3 Qb4 32. Bxd5 Bxd5 33. Nxd5 Rxd5 34. Qa8+ Kd7 35. Qxg8 Ke7 36. Rc1 Qd6 37. Qc8 Kf6 38. Qh8+ Ke6 39. Qc8+ Kf6 40. Qxb7 Rxd3 41. a3 Rd1 42. Rxd1 Qxd1+ 43. Ka2 Qd6 44. h5 Qe6+ 45. Ka1 Kg5 46. b4 Nd4 47. Qe4 Qxe4 48. fxe4 Kxh5 49. Kb2 Kg5 50. Kc3 Nb5+ 51. Kb3 Kf4 52. a4 Nd6 53. b5 axb5 54. a5 Nb7 0-1

[Event "Budapest FS08 IM"]
[Site "Budapest"]
[Date "2025.08.04"]
[Round "3"]
[White "Toth, Lili"]
[Black "Tarasenka, Aliaksandra"]
[Result "0-1"]
[WhiteElo "2157"]
[BlackElo "2129"]
[PlyCount "40"]
[EventDate "2025.08.02"]
[EventType "tourn"]
[EventRounds "9"]
[EventCountry "HUN"]
[SourceTitle "CB33_2025"]
[SourceDate "2025.08.13"]
[SourceVersion "1"]
[SourceVersionDate "2025.08.13"]
[SourceQuality "1"]

1. e4 e5 2. Nc3 Nf6 3. g3 d5 4. exd5 Nxd5 5. Bg2 Nb6 6. Qe2 Bd6 7. Nb5 0-0 8. Nxd6 Qxd6 9. Nf3 Nc6 10. 0-0 Bg4 11. Qe4 f5 12. Qe3 e4 13. Ng5 Nd4 14. Kh1 Kh8 15. Rb1 Nxc2 16. Qc3 Nb4 17. b3 Nxa2 18. Ba3 Nxc3 19. Bxd6 Nxb1 20. Bxf8 Nxd2 0-1

[Event "Budapest FS08 IM"]
[Site "Budapest"]
[Date "2025.08.03"]
[Round "2"]
[White "Tarasenka, Aliaksandra"]
[Black "Baranyai Molnar, Adam Kristof"]
[Result "1-0"]
[WhiteElo "2129"]
[BlackElo "2278"]
[PlyCount "67"]
[EventDate "2025.08.02"]
[EventType "tourn"]
[EventRounds "9"]
[EventCountry "HUN"]
[SourceTitle "CB33_2025"]
[SourceDate "2025.08.13"]
[SourceVersion "1"]
[SourceVersionDate "2025.08.13"]
[SourceQuality "1"]

1. e4 c5 2. Nf3 e6 3. d4 cxd4 4. Nxd4 Nf6 5. Nc3 Nc6 6. Qd3 Qc7 7. Ndb5 Qb8 8. Qg3 d6 9. Bf4 e5 10. Bg5 a6 11. Na3 Nd7 12. Be3 Ne7 13. Rd1 b5 14. Bxb5 axb5 15. Naxb5 Ng6 16. Nd5 Ra4 17. Qf3 Rc4 18. Qe2 Rc6 19. Na7 Bb7 20. Nxc6 Bxc6 21. Qc4 Bxd5 22. Rxd5 Be7 23. Rb5 Qa8 24. Qc7 Qxe4 25. Rb7 0-0 26. Qxd7 Qxg2 27. Rf1 Bh4 28. Rb4 Qf3 29. Kd2 Nf4 30. Kc1 Nd5 31. Qg4 Qxg4 32. Rxg4 Be7 33. Bh6 Bf6 34. Rd1 1-0

[Event "Minsk op"]
[Site "Minsk"]
[Date "2025.07.14"]
[Round "5"]
[White "Tarasenka, Aliaksandra"]
[Black "Bulgak, Damir"]
[Result "0-1"]
[WhiteElo "2131"]
[BlackElo "2213"]
[PlyCount "76"]
[EventDate "2025.07.11"]
[EventType "swiss"]
[EventRounds "10"]
[EventCountry "BLR"]
[SourceTitle "CB31_2025"]
[SourceDate "2025.07.30"]
[SourceVersion "1"]
[SourceVersionDate "2025.07.30"]
[SourceQuality "1"]

1. e4 e5 2. Nf3 Nc6 3. Nc3 Nf6 4. Bb5 Bb4 5. 0-0 0-0 6. Bxc6 dxc6 7. d3 Nd7 8. Ne2 Bd6 9. Ng3 c5 10. Bg5 f6 11. Be3 Nb8 12. Kh1 Nc6 13. Ng1 Be6 14. f4 exf4 15. Bxf4 Bxf4 16. Rxf4 Qd6 17. N1e2 Rad8 18. Rf1 c4 19. Nf4 cxd3 20. cxd3 Nd4 21. Rc1 Bf7 22. Qa4 c5 23. Qxa7 b6 24. Qa4 Ra8 25. Qd1 Rxa2 26. Rb1 Qd7 27. Nfh5 Kh8 28. Qd2 Qd6 29. e5 Qxe5 30. Rbe1 Nb3 31. Qf2 Rxb2 32. Qf3 Bd5 33. Rxe5 Bxf3 34. Rxf3 Rb1+ 35. Nf1 Nd2 36. Ref5 g6 37. Rxf6 Rxf6 38. Rxf6 gxh5 0-1

[Event "Wch U20 Girls 41st"]
[Site "Petrovac"]
[Date "2025.03.07"]
[Round "11"]
[White "Tarasenka, Aliaksandra"]
[Black "Khuslen, Erdenebayar"]
[Result "0-1"]
[WhiteElo "2139"]
[BlackElo "2201"]
[PlyCount "66"]
[EventDate "2025.02.25"]
[EventType "swiss"]
[EventRounds "11"]
[EventCountry "MNE"]
[SourceTitle "CB11_2025"]
[SourceDate "2025.03.12"]
[SourceVersion "1"]
[SourceVersionDate "2025.03.12"]
[SourceQuality "1"]

1. e4 c5 2. Nf3 e6 3. d4 cxd4 4. Nxd4 a6 5. Nc3 Qc7 6. Be2 Nf6 7. Qd3 b5 8. 0-0 Bb7 9. Bf3 d6 10. Nb3 Nbd7 11. Bf4 Be7 12. a4 b4 13. Nd1 0-0 14. Ne3 Rfd8 15. Rfd1 e5 16. Bg5 Rac8 17. Rac1 h6 18. Bh4 Nb6 19. c3 Nxa4 20. cxb4 Qd7 21. Rb1 g5 22. Nf5 gxh4 23. Nxh6+ Kf8 24. Qe3 Qe6 25. Nf5 Nh7 26. Na5 Ba8 27. Bg4 Bg5 28. Qa7 Rb8 29. Rxd6 Rxd6 30. Qxb8+ Rd8 31. Qc7 Bxe4 32. Ne3 Qe7 33. Qxe7+ Bxe7 0-1

[Event "Wch U20 Girls 41st"]
[Site "Petrovac"]
[Date "2025.02.27"]
[Round "3"]
[White "Tarasenka, Aliaksandra"]
[Black "Seyilhanova, Gulmira"]
[Result "1/2-1/2"]
[WhiteElo "2139"]
[BlackElo "1939"]
[PlyCount "118"]
[EventDate "2025.02.25"]
[EventType "swiss"]
[EventRounds "11"]
[EventCountry "MNE"]
[SourceTitle "CB11_2025"]
[SourceDate "2025.03.12"]
[SourceVersion "1"]
[SourceVersionDate "2025.03.12"]
[SourceQuality "1"]

1. e4 g6 2. d4 Bg7 3. Nc3 d6 4. Be3 c6 5. a4 Nf6 6. Nf3 0-0 7. h3 e5 8. dxe5 dxe5 9. Bc5 Re8 10. Qxd8 Rxd8 11. Bc4 Nbd7 12. 0-0-0 Re8 13. Bd6 h6 14. g4 Nh7 15. a5 Nhf8 16. b4 Ne6 17. b5 Nd4 18. Rd3 Nf8 19. bxc6 bxc6 20. Rhd1 Nxf3 21. Rxf3 Be6 22. Be2 g5 23. Na4 Ng6 24. Nc5 Nf4 25. Ba6 Bc8 26. Bc4 h5 27. gxh5 Bxh3 28. Rg3 Bh6 29. Rdg1 Rad8 30. Rxg5+ Kh7 31. Bxf7 Ng2 32. f4 exf4 33. Bg6+ Kh8 34. R1xg2 Bxg2 35. Rf5 Rxd6 36. Bxe8 f3+ 37. Kb2 Be3 38. Nd3 Rxd3 39. cxd3 f2 40. Bxc6 f1Q 41. Rxf1 Bxf1 42. Kc3 Be2 43. Be8 Kg7 44. Kc4 Kf6 45. a6 Ke5 46. Bf7 Kd6 47. Be8 Ke7 48. Bg6 Kd7 49. Bf7 Kc6 50. Be8+ Kb6 51. Bg6 Kc6 52. Be8+ Kd6 53. Bf7 Ke7 54. Bg6 Kf6 55. Be8 Kg5 56. Bf7 Bb6 57. Be8 Be3 58. Bf7 Kf6 59. Be8 Ke5 1/2-1/2

[Event "Minsk Bronstein Memorial"]
[Site "Minsk"]
[Date "2025.02.16"]
[Round "6"]
[White "Tarasenka, Aliaksandra"]
[Black "Gasparian, Siarhei"]
[Result "1-0"]
[WhiteElo "2139"]
[BlackElo "1859"]
[PlyCount "53"]
[EventDate "2025.02.15"]
[EventType "swiss (rapid)"]
[EventRounds "10"]
[EventCountry "BLR"]
[SourceTitle "CB09_2025"]
[SourceDate "2025.02.27"]
[SourceVersion "1"]
[SourceVersionDate "2025.02.27"]
[SourceQuality "1"]

1. e4 c5 2. Nc3 d6 3. d4 cxd4 4. Qxd4 Nc6 5. Qd2 g6 6. b3 Bh6 7. f4 f5 8. Bb2 Nf6 9. 0-0-0 fxe4 10. h3 0-0 11. Nge2 e5 12. Kb1 d5 13. Nxd5 Qxd5 14. Qxd5+ Nxd5 15. Rxd5 exf4 16. Nc3 Re8 17. Rd6 Bg7 18. Nd5 Bf5 19. Bc4 Kh8 20. Bxg7+ Kxg7 21. Nxf4 e3 22. g4 Be4 23. Re1 Nb4 24. Ne6+ Kh8 25. Rxe3 Bxc2+ 26. Kb2 a5 27. a3 1-0

[Event "BLR-ch (Women) 91st"]
[Site "Minsk"]
[Date "2025.01.17"]
[Round "8"]
[White "Tarasenka, Aliaksandra"]
[Black "Borovikova, Marija"]
[Result "1-0"]
[WhiteElo "2133"]
[BlackElo "1867"]
[PlyCount "79"]
[EventDate "2025.01.10"]
[EventType "tourn"]
[EventRounds "9"]
[EventCountry "BLR"]
[SourceTitle "CB04_2025"]
[SourceDate "2025.01.22"]
[SourceVersion "1"]
[SourceVersionDate "2025.01.22"]
[SourceQuality "1"]

1. d4 Nf6 2. Bg5 c5 3. d5 Ne4 4. h4 h6 5. Bf4 e6 6. Nd2 Qf6 7. Nxe4 Qxf4 8. Nc3 a6 9. e3 Qc7 10. Qf3 d6 11. dxe6 Bxe6 12. Nge2 Nc6 13. Nf4 Ne5 14. Qg3 0-0-0 15. 0-0-0 Qc6 16. Be2 b5 17. Ncd5 Rg8 18. h5 Bf5 19. f3 g5 20. hxg6 Nxg6 21. Bd3 Bxd3 22. Rxd3 Kb8 23. Rhd1 Rg7 24. Nh5 Rg8 25. Nhf6 Rg7 26. Nh5 Rg8 27. f4 Qc8 28. Ndf6 Rh8 29. e4 Be7 30. Nd5 Bf8 31. e5 Qf5 32. Qf3 Nh4 33. Qe2 Rg8 34. g3 Ng6 35. Ndf6 Rh8 36. exd6 c4 37. Rd5 Qe6 38. Qf2 Qc8 39. Qb6+ Ka8 40. Rc5 1-0

[Event "BLR-ch (Women) 91st"]
[Site "Minsk"]
[Date "2025.01.16"]
[Round "7"]
[White "Tarasenka, Aliaksandra"]
[Black "Poliakova, Varvara"]
[Result "1-0"]
[WhiteElo "2133"]
[BlackElo "2015"]
[PlyCount "33"]
[EventDate "2025.01.10"]
[EventType "tourn"]
[EventRounds "9"]
[EventCountry "BLR"]
[SourceTitle "CB04_2025"]
[SourceDate "2025.01.22"]
[SourceVersion "1"]
[SourceVersionDate "2025.01.22"]
[SourceQuality "1"]

1. e4 c6 2. Nc3 d5 3. Nf3 dxe4 4. Nxe4 Nf6 5. Qe2 Nxe4 6. Qxe4 Qd5 7. Qh4 Qe6+ 8. Be2 Qg4 9. Qg3 Qxg3 10. hxg3 Bf5 11. b3 Nd7 12. Bb2 0-0-0 13. Ng5 Bg6 14. Bh5 Bxh5 15. Rxh5 Nf6 16. Rh1 Rg8 17. Nxf7 1-0

[Event "BLR-ch (Women) 91st"]
[Site "Minsk"]
[Date "2025.01.12"]
[Round "3"]
[White "Tarasenka, Aliaksandra"]
[Black "Dorashava, Viktoryia"]
[Result "0-1"]
[WhiteElo "2133"]
[BlackElo "1943"]
[PlyCount "98"]
[EventDate "2025.01.10"]
[EventType "tourn"]
[EventRounds "9"]
[EventCountry "BLR"]
[SourceTitle "CB04_2025"]
[SourceDate "2025.01.22"]
[SourceVersion "1"]
[SourceVersionDate "2025.01.22"]
[SourceQuality "1"]

1. e4 c5 2. Nc3 d6 3. d4 cxd4 4. Qxd4 Nc6 5. Qd2 g6 6. b3 Bh6 7. f4 f5 8. Bb2 Nf6 9. 0-0-0 fxe4 10. h3 Bg7 11. g4 Qa5 12. Kb1 Be6 13. Bg2 0-0 14. Nge2 d5 15. Rhf1 Rad8 16. Qe1 b5 17. Nc1 Qb6 18. Qe2 a6 19. a3 Na5 20. Qe1 Nc4 21. bxc4 bxc4 22. Na4 Qb5 23. Qb4 Qc6 24. Ka1 Rb8 25. Qa5 Rb5 26. Qe1 Rfb8 27. Na2 Rxb2 28. Nxb2 Nd7 29. Nc3 Qc5 30. Ka2 Qa5 31. Nba4 Nc5 32. Rb1 Rxb1 33. Kxb1 Nxa4 34. Nxa4 c3 35. Qe3 Qxa4 36. Qb6 Bf7 37. Qb4 Qc6 38. f5 gxf5 39. Rxf5 Qe6 40. Qb8+ Bf8 41. Qb3 h6 42. Qxc3 Bg7 43. Qa5 Bg6 44. Qxd5 Bxf5 45. Qxf5 Qb6+ 46. Kc1 Qe3+ 47. Kd1 Bc3 48. Qe6+ Kf8 49. Qf5+ Kg7 0-1

[Event "Harbin SCO Team 6th"]
[Site "Harbin"]
[Date "2025.01.01"]
[Round "10.2"]
[White "Aliakbari, Hanieh"]
[Black "Tarasenka, Aliaksandra"]
[Result "0-1"]
[WhiteElo "1840"]
[BlackElo "2144"]
[PlyCount "50"]
[EventDate "2024.12.31"]
[EventType "team-tourn (rapid)"]
[EventRounds "11"]
[EventCountry "CHN"]
[SourceTitle "CB02_2025"]
[SourceDate "2025.01.08"]
[SourceVersion "1"]
[SourceVersionDate "2025.01.08"]
[SourceQuality "1"]
[WhiteTeam "Iran"]
[BlackTeam "Belarus"]
[WhiteTeamCountry "IRI"]
[BlackTeamCountry "BLR"]

1. e4 c5 2. Nf3 e6 3. d4 cxd4 4. Nxd4 Nf6 5. Nc3 Nc6 6. Ndb5 d6 7. Be2 a6 8. Nd4 Bd7 9. 0-0 Be7 10. Kh1 b5 11. a3 Rc8 12. f4 0-0 13. Nf3 Qb6 14. Qe1 b4 15. axb4 Nxb4 16. Bd1 Bc6 17. Be3 Qb7 18. e5 Ne4 19. Bd4 dxe5 20. Nxe5 Nxc3 21. Nxc6 Nxd1 22. Nxe7+ Qxe7 23. Qxd1 Nxc2 24. Rxa6 Rfd8 25. Ra7 Qe8 0-1

[Event "Harbin SCO Team 6th"]
[Site "Harbin"]
[Date "2025.01.01"]
[Round "6.6"]
[White "Mu, Wangxueyao"]
[Black "Tarasenka, Aliaksandra"]
[Result "0-1"]
[WhiteElo "2034"]
[BlackElo "2144"]
[PlyCount "66"]
[EventDate "2024.12.31"]
[EventType "team-tourn (rapid)"]
[EventRounds "11"]
[EventCountry "CHN"]
[SourceTitle "CB02_2025"]
[SourceDate "2025.01.08"]
[SourceVersion "1"]
[SourceVersionDate "2025.01.08"]
[SourceQuality "1"]
[WhiteTeam "China Heilongjiang"]
[BlackTeam "Belarus"]
[WhiteTeamCountry "CHN"]
[BlackTeamCountry "BLR"]

1. d4 Nf6 2. c4 e6 3. Nc3 Bb4 4. Qc2 b6 5. e4 c5 6. d5 Qe7 7. Nge2 exd5 8. exd5 d6 9. Bf4 0-0 10. 0-0-0 Nbd7 11. a3 Ba5 12. Ng3 Ne5 13. Be2 Re8 14. Rhe1 Qd8 15. Bd2 Bd7 16. h3 a6 17. f4 Ng6 18. Bd3 b5 19. b3 b4 20. axb4 Bxb4 21. Nce4 Nxe4 22. Nxe4 Bxd2+ 23. Qxd2 Qb6 24. Bc2 a5 25. g4 a4 26. f5 axb3 27. Bb1 Ne5 28. f6 b2+ 29. Qxb2 Qa5 30. Nxd6 Nd3+ 31. Bxd3 Rxe1 32. fxg7 Qa1+ 33. Bb1 Rxd1+ 0-1